| 000 | 01407cam a2200265 4500 | ||
|---|---|---|---|
| 001 | ABS67131 | ||
| 008 | 031030n2003 000 0 eng u | ||
| 035 | _a(Sirsi) u124183 | ||
| 100 | _aWatson, P. | ||
| 245 | 4 | _aThe deployment of supply chain management - parts one, teo and three | |
| 260 | _c2003 | ||
| 490 |
_aBuilding Engineer _v78(10) October 2003, 28-30(3) |
||
| 490 |
_aBuilding Engineer _v78(11) November 2003, 28-32(5) |
||
| 490 |
_aBuilding Engineer _v78(12) December 2003, 28-31(4) |
||
| 520 | _aThe paper provides an overview of the theoretical works related to the advantages of deploying Supply Chain Management (SCM) within the UK construction industry. The study is underpinned by conducting empirical research via questionnaires and an active case study related to a large UK contracting company. The prime objective of both activities noted above is to provide the UK construction industry with a workable and valid framework for implementing SCM and thus attain the advantages of deployment in practice. The paper is presented in three parts with all references contained in part three. [Taken from article abstract] | ||
| 590 | _aABS | ||
| 650 | _aSUPPLY CHAIN MANAGEMENT | ||
| 650 | _aSTRATEGIC ALLIANCES | ||
| 650 | _aCOLLABORATION | ||
| 650 | _aCONSTRUCTION INDUSTRY | ||
| 690 |
_aProcurement _96260 |
||
| 700 | _aHolyoke, H. | ||
| 700 | _aWright, S. | ||
| 942 | _n0 | ||
| 999 |
_c73716 _d73716 |
||